000 00487nam a2200205Ia 4500
005 20240823025702.0
008 240823s9999||||xx |||||||||||||| ||und||
020 _a978-814-318-0715-6
041 _aENGLISH
082 _A627.5 P9
100 _aApparao K V S
245 0 _aSoil Testing (Questing Bank)
250 _a1st
260 _c2009
_bUNiversity Science
500 _aYES
650 _aSoil Testing
_bMechanical
700 _a Rao V C S
942 _cBK
999 _c186911
_d186911